Score 0/16 Timer 02:00
0 Plays Today
Scrambled Body Part Unscrambled Body Part % Correct
LMPApalm
95.8%
LOWBEelbow/bowel
91.2%
BUHMTthumb
90.2%
LOUDHERSshoulder
88%
GHTHIthigh
85.9%
ANRIBbrain
84.9%
PEXANDIPappendix
72.3%
RATHOTthroat
71.7%
Scrambled Body Part Unscrambled Body Part % Correct
USESOGAHPesophagus
59.9%
PENLESspleen
58%
VILEPSpelvis
56.6%
DAREFOHEforehead
56.6%
DONENTtendon
54.2%
BADENOMabdomen
48.6%
YIELDEeyelid
35.9%
TRAYERartery
20%
Remove Ads.
Support Sporcle.
Get the best of Sporcle when you Go Orange. This ad-free experience offers more features, more stats, and more fun while also helping to support Sporcle. Thank you for becoming a member.

You're not logged in!

Compare scores with friends on all Sporcle quizzes.
OR
Log In

Show Comments

Extras

Top Quizzes Today


Score Distribution

Your Account Isn't Verified!

In order to create a playlist on Sporcle, you need to verify the email address you used during registration. Go to your Sporcle Settings to finish the process.

Report this User

Report this user for behavior that violates our Community Guidelines.

Details: